Most Wickets in Cricket World Cups - Statistics

General Stats
  • This quiz has been taken 596 times
  • The average score is 15 of 36
Answer Stats
Wickets Answer Country % Correct
71 McGrath Australia
92%
32 Warne Australia
88%
68 Muralitharan Sri Lanka
78%
55 Akram Pakistan
77%
49 Vaas Sri Lanka
75%
31 Kumble India
73%
44 Khan India
68%
34 Khan Pakistan
68%
35 Lee Australia
64%
31 Pollock South Africa
64%
38 Donald South Africa
60%
24 Ambrose West Indies
58%
27 Walsh West Indies
58%
28 Dev India
52%
30 Botham England
50%
44 Srinath India
45%
31 Malinga Sri Lanka
44%
30 Bond New Zealand
41%
30 Akhtar Pakistan
32%
23 Flintoff England
32%
28 Afridi Pakistan
25%
23 Mushtaq Pakistan
25%
27 McDermott Australia
24%
26 Fleming Australia
20%
27 Jayasuriya Sri Lanka
20%
34 Hogg Australia
19%
27 Waugh Australia
19%
26 Ahmed Pakistan
17%
32 Harris New Zealand
15%
34 Tait Australia
15%
23 Odoyo Kenya
12%
26 Roberts West Indies
12%
36 Oram New Zealand
11%
24 Qadir Pakistan
10%
29 DeFreitas England
7%
24 Prabhakar India
6%
No matching quizzes found
Score Distribution
Percent of People with Each Score
Percentile by Number Answered
Your Score History
You have not taken this quiz